000 01264cam a2200325 a 4500
001 757375
003 CO-ViMGA
005 20230915233611.0
008 050127s2005 ck a jr 00110bspa d
020 _a9789583016851
040 _aCO-ViMGA
_bspa
_cCO-ViMGA
041 1 _heng
043 _ae-gr---
082 0 4 _aI796.48
_bF67n
_220 ed.
100 1 _aFord, Michael.
_9623
245 1 0 _aNo te gustaría ser un atleta griego /
_cesrito por Michael Ford ; ilustrado por David Antram ; creado y diseñado por David Salariya ; traducción Esperanza Gom̤ez.
260 _aBogot :̀
_bPanamericana Editorial,
300 _a32 p. :
_bil. ;
_c25 cm.
500 _aIncluye glosario e índice.
534 _pTítulo original. :
_tYou wouldn't want to be a greek athlete.
650 1 4 _aAtletismo
_z Grecia
_v Literatura juvenil.
_9628
650 1 4 _aDeportes al aire libre
_z Grecia
_v Literatura juvenil.
_9626
650 1 4 _aDeportes
_z Grecia
_v Literatura juvenil.
_9625
650 1 4 _aLucha libre
_z Grecia
_v Literatura juvenil.
_9627
650 1 4 _aOlimpiadas
_z Grecia
_v Literatura juvenil.
_9624
700 1 _aAntram, David,
_d1958-,
_eil.
_9629
700 1 _aGom̤ez, Diana Esperanza,
_etr.
_9631
700 1 _aSalariya, David,
_eil.
_9630
942 _2ddc
_cBK
999 _c37264
_d37264